FAO food and nutrition paper N.49 Specifications for identity and purity of certain food additives

Salvato in:
Dettagli Bibliografici
Autore principale: FAO
Natura: Libro
Lingua:Undetermined
Pubblicazione: Rome FAO 1990
Soggetti:
Tags: Aggiungi Tag
Nessun Tag, puoi essere il primo ad aggiungerne! !
Thư viện lưu trữ: Trung tâm Học liệu Trường Đại học Cần Thơ
LEADER 00557nam a2200193Ia 4500
001 CTU_4305
008 210402s9999 xx 000 0 und d
082 |a 640 
082 |b F218/N49 
100 |a FAO 
245 0 |a FAO food and nutrition paper N.49 
245 0 |b Specifications for identity and purity of certain food additives 
245 0 |c FAO, OMS 
260 |a Rome 
260 |b FAO 
260 |c 1990 
650 |a food industry and trade 
904 |i Nguyễn Quang Điền, 960530 
980 |a Trung tâm Học liệu Trường Đại học Cần Thơ